Tārīkh al-Ḥillah, (Record no. 48748)

MARC details
000 -LEADER
fixed length control field 00885cam a22002651 4500
001 - CONTROL NUMBER
control field ne 66000579
003 - CONTROL NUMBER IDENTIFIER
control field DLC
005 - DATE AND TIME OF LATEST TRANSACTION
control field 20260227111821.0
008 - FIXED-LENGTH DATA ELEMENTS--GENERAL INFORMATION
fixed length control field 900625s1965 iq a 000 0dararc
010 ## - LIBRARY OF CONGRESS CONTROL NUMBER
LC control number ne 66000579
035 ## - SYSTEM CONTROL NUMBER
System control number (OCoLC)21916100
040 ## - CATALOGING SOURCE
Original cataloging agency Princeton Univ. Libr.
Transcribing agency WaU
Modifying agency DLC
042 ## - AUTHENTICATION CODE
Authentication code premarc
043 ## - GEOGRAPHIC AREA CODE
Geographic area code a-iq---
050 00 - LIBRARY OF CONGRESS CALL NUMBER
Classification number DS79.9.H5
Item number K3
100 1# - MAIN ENTRY--PERSONAL NAME
Personal name Ḥillī, Yūsuf Karkūsh.
245 10 - TITLE STATEMENT
Title Tārīkh al-Ḥillah,
Statement of responsibility, etc. li-muʼallifihi Yūsuf Karkūsh al-Ḥillī.
250 ## - EDITION STATEMENT
Edition statement al-Ṭabʻah 1.
260 ## - PUBLICATION, DISTRIBUTION, ETC.
Place of publication, distribution, etc. al-Najaf,
Name of publisher, distributor, etc. al-Maktabah al-Haydarīyah,
Date of publication, distribution, etc. 1965.
300 ## - PHYSICAL DESCRIPTION
Extent 2 v.
Other physical details illus.
Dimensions 25 cm.
500 ## - GENERAL NOTE
General note Cover title: Tarikh al-Hilla, auctore al-allama al-shaykh Yousif Kerkush.
505 0# - FORMATTED CONTENTS NOTE
Formatted contents note Qism 1. al-Ḥayāh al-siyāsīyah--Qism 2. al-Ḥayāh al-fikrīyah.
651 #0 - SUBJECT ADDED ENTRY--GEOGRAPHIC NAME
Geographic name Ḥillah (Iraq)
General subdivision History.
651 #0 - SUBJECT ADDED ENTRY--GEOGRAPHIC NAME
Geographic name Ḥillah (Iraq)
Form subdivision Biography.

No items available.

Powered by Koha